| 000 | 00990nam a2200229 4500 | ||
|---|---|---|---|
| 001 | 109992 | ||
| 003 | ES-MaACL | ||
| 005 | 20250401195936.0 | ||
| 007 | t| | ||
| 008 | 061121s1952 sp r ||||1| spa d | ||
| 100 | 1 |
_aObrador Socías, José. _986419 |
|
| 245 | 1 | 0 |
_aSanta María de Lluch _b: historia de su colegiata (Mallorca) / _cJosé Obrador Socías. |
| 260 |
_aPalma de Mallorca : _b[s.n.], _c1952 ( _fImp. Sagrados Corazones) |
||
| 300 |
_a273 p., 11 lám : _bil. ; _c25 cm. |
||
| 510 |
_aCCPB, _c001212443-5 |
||
| 650 | 7 |
_9169626 _aArquitectura religiosa- _zEspaña |
|
| 852 |
_aES-MaACL _jD-6410 _bR.35303 _bR.M.6005 _9114157 _cSVI _fSello en tinta azul de la Biblioteca del Ateneo de Madrid _gAnotaciones manuscritas en cubierta: "13" ; "64" _zEn cubierta: "2.JUN.1952" |
||
| 942 |
_2udc _cMONOGRAFIA |
||
| 999 |
_c109992 _d109992 |
||